Quiz sur la Slovaquie - Statistiques

Statistiques générales
  • Ce quiz a été pris 3 783 fois
  • Le résultat moyen est 15 sur 22
Statistiques - réponses
Question Réponse % Correct
Pays frontaliers République tchèque
96%
Capitale et ville la plus peuplée Bratislava
95%
Devise monétaire actuelle, depuis 2009 Euro
95%
Pays frontaliers Hongrie
95%
Pays frontaliers Pologne
94%
Pays frontaliers Autriche
93%
Fleuve sur lequel celle-ci se situe Danube
92%
Pays qui a envahi ce dernier en 1968 Union Soviétique
92%
Idéologie suivie par ces deux pays Communisme
90%
Pays auquel la Slovaquie appartenait de 1918 à 1992 Tchécoslovaquie
86%
Pays frontaliers Ukraine
84%
Groupe ethnique qui inclut les Slovaques, les Bulgares ou encore les Serbes Slaves
80%
La Slovaquie est le premier producteur de ___ par habitant au monde : au total, plus d'un million de produits assemblés chaque année, notamment pour PSA Voitures
57%
Chaîne de montagnes qui traverse la Slovaquie Carpathes
54%
Sport le plus populaire Hockey sur Glace
54%
Devise monétaire utilisée avant celle-ci Couronne
43%
La Slovaquie possède le plus grand nombre de ces bâtiments historiques par habitant que n'importe quel autre pays dans le monde Châteaux
41%
Cycliste slovaque qui a notamment remporté le championnat du monde 3 fois et le classement par points du Tour de France 7 fois entre 2012 et 2019 Peter Sagan
36%
Nom donné à la révolte non-violente qui a renversé ce système en 1989 Révolution de {Velours}
34%
Minorité ethnique qui compose 8,5% de la population du pays Magyar
31%
Deuxième plus grande ville Košice
25%
Tenniswoman née en Slovaquie qui a remporté 5 tournois du Grand Chelem Martina {Hingis}
25%
Aucun quiz correspondant
Distribution des résultats
% des personnes avec chaque résultat
Percentile par nombre de réponses
Votre historique - résultats
Vous n’avez pas pris ce quiz